| 000 | 00943nam2a22002531 4500 | ||
|---|---|---|---|
| 001 | rc\265320 | ||
| 005 | 20250612174739.0 | ||
| 035 | _a(NLR Aleph) 008762124 | ||
| 090 |
_a7871798 _c7871798 |
||
| 100 | _a20030307d1993 |||y0rusy50 ca | ||
| 101 | 0 | _arus | |
| 102 | _aRU | ||
| 105 | _aa ||||||||| | ||
| 200 | 0 |
_aКн. 2 _fПер. А. Медведева |
|
| 210 |
_d1993 _aБ. м. |
||
| 215 |
_a432 с. _cил. |
||
| 225 | 1 |
_a... _vВып. 10 |
|
| 461 | 0 |
_1001rc\265318 _12001#$aАрмагеддон$e[Роман$eПеревод$fХудож. А.Н. Миронов]$vКн. 2 _1700#1$aКинг$bС.$gСтивен$f1947-$3RU\NLR\AUTH\77848 _97974395 _aКинг, С. (1947-) _cЖуковский _d1993 _fХудож. А.Н. Миронов] _nКэдмэн _o[Роман : Перевод _tАрмагеддон _vКн. 2 |
|
| 801 | 0 |
_aRU _bNLR _gpsbo |
|
| 801 | 1 |
_aRU _bELAR _2rusmarc |
|
| 852 |
_aNLR _j93-5/1321 |
||
| 942 | _cBOOK | ||
| 980 | _aNB | ||